Csupasz exek

Bibliographic Details
Main Author: Radics, Viktória, 1960- (Author)
Format: Article
Language:Hungarian
ISSN:1335-7050
Subjects:

MARC

LEADER 00000nab a2200000 ar4500
001 vtls009623632
003 SK-MaSNL
005 20260318124151.0
008 090702c20090626xo ||||||o| 000 b|hun
015 |a SNBRB2009/06  |2 snkbucl 
038 |a SNKBUCL 
040 |a DSZK  |b slo  |c DSZK  |e AACR2 
041 0 |a hun 
044 |a xo  |c SK 
080 |a 82.09:821.511.141-311.1  |x (048)  |2 2001 
080 |a 821.511.141-311.1  |x (048)  |2 2001 
100 1 |a Radics, Viktória,  |d 1960-  |4 aut  |9 108702 
245 1 0 |a Csupasz exek  |c Radics Viktória 
650 0 7 |a maďarské romány  |2 snkbucl  |9 282203 
655 7 |a články z novín a časopisov  |2 snkbucl  |9 267496 
655 7 |a recenzie  |2 snkbucl  |9 21907 
740 0 2 |a A nőkben rejlő szív 
773 0 |t Új szó  |g Évf. 62, sz. 146 (26.6.2009), o. 9  |x 1335-7050 
787 0 8 |i Rec.:  |a Kukorelly, Endre  |t Ezer és 3, avagy, A nőkben rejlő szív  |d Pozsony : Kalligram, 2009 
852 |a Slovenská národná knižnica 
852 |a DSZK  |b KIS3GCP 
958 |a HU 
958 |a LX 
958 |a RC 
999 |c 2531734  |d 2533664